Score 0/20 Timer 04:00
2 Plays Today
% Correct
Olive
94.3%
Liverpool
93.9%
Alive
93.5%
Livestock
92.9%
Liver
92.5%
Deliver
92.2%
Enliven
91.7%
Relive
91.6%
Liverwurst
91.1%
Lowlives
90.3%
% Correct
Outlive
89.3%
Sliver
87.3%
Livelihood
87.1%
Livelong
86.8%
Livery
86.4%
Deliverance
84%
Liverwort
78.9%
Livermorium
77.3%
Olivenite
69.8%
Belive
61.9%
Remove Ads.
Support Sporcle.
Get the best of Sporcle when you Go Orange. This ad-free experience offers more features, more stats, and more fun while also helping to support Sporcle. Thank you for becoming a member.

You're not logged in!

Compare scores with friends on all Sporcle quizzes.
OR
Log In

Show Comments

Extras

Top Quizzes Today


Score Distribution

Your Account Isn't Verified!

In order to create a playlist on Sporcle, you need to verify the email address you used during registration. Go to your Sporcle Settings to finish the process.

Report this User

Report this user for behavior that violates our Community Guidelines.

Details: